Αριστόξενος άπαντα : αρμονικά στοιχεία, ρυθμικά στοιχεία, αποσπάσματα
Saved in:
| Main Author: | |
|---|---|
| Corporate Author: | |
| Format: | Book |
| Language: | Greek Ancient Greek |
| Published: |
[Αθήνα] :
Κάκτος,
[2005].
|
| Series: | Έλληνες (Εκδόσεις Κάκτος)
; 687 |
| Subjects: | |
| Tags: |
Add Tag
No Tags, Be the first to tag this record!
|
MARC
| LEADER | 00000cam a2200000 i 4500 | ||
|---|---|---|---|
| 001 | 1/31720 | ||
| 008 | 060629s2005 gr | ||| |||| ||gre|| | ||
| 035 | |l 10084483 | ||
| 040 | |a GR-MyUa |b gre |e AACR2 | ||
| 041 | 1 | |a gre |h grc | |
| 082 | 7 | |a 780 |2 (22) | |
| 100 | 0 | |a Αριστόξενος ο Ταραντίνος, |d 4ος αι. π.Χ. | |
| 245 | 1 | 0 | |a Αριστόξενος άπαντα : |b αρμονικά στοιχεία, ρυθμικά στοιχεία, αποσπάσματα / |c Αριστόξενος ; εισαγωγή, μετάφραση, σχόλια: Φιλολογική Ομάδα Κάκτου. |
| 260 | |a [Αθήνα] : |b Κάκτος, |c [2005]. | ||
| 300 | |a 461 σ. ; |c 21 εκ. | ||
| 490 | 1 | |a ('Ελληνες / Εκδόσεις Κάκτος ; |v 687) | |
| 650 | 0 | 0 | |a Music, Greek and Roman |x History and criticism. |
| 710 | 2 | |a Φιλολογική Ομάδα Κάκτου. | |
| 830 | 0 | |a Έλληνες (Εκδόσεις Κάκτος) |v ; 687 | |
| 852 | |a INST |b RHODES |c KRI |e 20060629 |h 780 ΑΡΙ |p 005400024814 |q 005400024814 |t BK |y 0 | ||
| 901 | |a BIBL4-2006-2 | ||
| 970 | |a ΚΟΖΑ |b ΜΑΡΙΑ |z 2006/06/29 | ||